00768nam a2200217Ia 4500003000900000008004100009020001800050040001600068080001500084100002500099245009500124260004800219300001500267490003800282650003600320650002700356650001400383942000700397999001700404952012900421IN-BaIIA211028s9999 xx 000 0 eng d a0-521-38261-0 cIIA Library a523.9bMAR aMariska, J. T922110 4aThe solar transition regioncJ. T. Mariska  aCambridgebCambridge University Pressc1992 axiv, 276p. aCambridge astrophysics series; 23 aAstronomical spectroscopy91729 aSolar atmosphere94799 aSun91200 cBK c12619d12619 00104070aBANbBANcGENd1998-08-06eTBH g601.80l0o523.9/ MARp13536r2021-11-05v601.80w1998-08-06yBKGRs. 601.80